<?xml version="1.0" encoding="UTF-8"?>
<marc:record xmlns:marc="http://www.loc.gov/MARC21/slim">
   <marc:leader>00000nam a2200000 a 4500</marc:leader>
   <marc:datafield ind1="1" ind2=" " tag="100">
      <marc:subfield code="a">Wich, Henriette</marc:subfield>
      <marc:subfield code="4">aut</marc:subfield>
      <marc:subfield code="e">Verfasser/-in</marc:subfield>
   </marc:datafield>
   <marc:datafield ind1=" " ind2=" " tag="653">
      <marc:subfield code="a">Prominente</marc:subfield>
   </marc:datafield>
   <marc:datafield ind1=" " ind2=" " tag="653">
      <marc:subfield code="a">Hochzeit</marc:subfield>
   </marc:datafield>
   <marc:datafield ind1=" " ind2=" " tag="653">
      <marc:subfield code="a">Detektiv</marc:subfield>
   </marc:datafield>
   <marc:datafield ind1="0" ind2="0" tag="245">
      <marc:subfield code="a">Die drei !!!  28 - Achtung, Promihochzeit!</marc:subfield>
   </marc:datafield>
   <marc:datafield ind1="0" ind2="0" tag="245">
      <marc:subfield code="c">Wich, Henriette</marc:subfield>
   </marc:datafield>
   <marc:datafield ind1=" " ind2="1" tag="264">
      <marc:subfield code="c">2011</marc:subfield>
   </marc:datafield>
   <marc:datafield ind1="1" ind2=" " tag="490">
      <marc:subfield code="a">Die drei !!!</marc:subfield>
   </marc:datafield>
   <marc:datafield ind1="1" ind2=" " tag="520">
      <marc:subfield code="a">Marie, Kim und Franzi sind total aufgeregt: Nick, der Sänger von “Boyzzzz” wird heiraten! Die Hochzeitsvorbereitungen werden von einem Filmteam begleitet, die alles für die Dokusoap “Nick und Eva in love” aufnehmen - und die drei !!! sind mit dabei! Doch die Vorfreude auf die Promihochzeit des Jahres wird getrübt - und “Die drei !!!” nehmen die Ermittlungen auf ... Neben der spannenden Detektivarbeit müssen Kim, Franziska und Marie auch immer wieder das Abenteuer “Freundschaft” bestehen. Es ist nämlich gar nicht so leicht, drei völlig verschiedene Meinungen unter einen Hut zu bringen. Mutig und clever stellen sich “Die drei !!!” der Herausforderung und sind gemeinsam ein unschlagbares Team!Henriette Wich wurde 1970 in Landshut geboren. Nach einem Volontariat in einem Verlag hat sie vier Jahre lang als Lektorin gearbeitet. Seit 2000 ist sie freie Kinder- und Jugendbuchautorin und hat schon zahlreiche Bücher veröffentlicht. In ihrer Freizeit liest sie viel, spielt Geige und Klavier und ist seit 2003 Mitglied der Improvisationstheatergruppe “Domino”. Außerdem reist Henriette Wich für ihr Leben gern, am liebsten in die Berge oder zu fremden Kulturen.&#xD;
Henriette Wich ist verheiratet und lebt in München.</marc:subfield>
   </marc:datafield>
   <marc:datafield ind1=" " ind2=" " tag="020">
      <marc:subfield code="a">9783440121337</marc:subfield>
      <marc:subfield code="9">9783440121337</marc:subfield>
   </marc:datafield>
   <marc:datafield ind1=" " ind2=" " tag="020">
      <marc:subfield code="a">344012133x</marc:subfield>
      <marc:subfield code="9">344012133x</marc:subfield>
   </marc:datafield>
   <marc:datafield ind1=" " ind2=" " tag="041">
      <marc:subfield code="a">ger</marc:subfield>
   </marc:datafield>
   <marc:datafield ind1=" " ind2=" " tag="338">
      <marc:subfield code="a">Band</marc:subfield>
   </marc:datafield>
   <marc:datafield ind1=" " ind2=" " tag="300">
      <marc:subfield code="a">128 S.</marc:subfield>
   </marc:datafield>
</marc:record>
